000 01816cam a2200313 4500500
005 20260405004904.0
041 _afre
042 _adc
100 1 0 _aGalice, Gabriel
_eauthor
245 0 0 _aL’OTAN, métamorphoses d’un complexe polymorphe
260 _c2026.
500 _a11
520 _aL’histoire de l’OTAN est celle des métamorphoses par lesquelles les États-Unis adaptent à la conjoncture le fil conducteur de leur mainmise sur le continent eurasiatique. Les dimensions politiques, idéologiques, économiques, opérationnelles, informationnelles du complexe OTAN se renforcent, s’entremêlent, varientdanslespartsqu’ellesprennent auseindel’ensemble. Lesactions de l’OTAN suscitent les réactions des adversaires que l’organisation désigne. L’avenir n’est pas écrit.
520 _aThe history ofNATO isoneofmetamorphosis, whereby the United States adapts its strategy for controlling the Eurasian continent to suit the prevailing circumstances. The political, ideological, economic, operational and informational dimensions of NATO are strengthening and intertwining, while their respective roles within the organization are changing. NATO’s actions provoke reactions from adversaries designated by the organization. The future is not set in stone.
690 _aadaptation
690 _acomplexe
690 _adomination
690 _aÉtats-Unis d’Amérique
690 _aEurasie
690 _amétamorphoses
690 _aadaptation
690 _acomplex
690 _adomination
690 _aEurasia
690 _ametamorphoses
690 _aUnited States of America
786 0 _nLa Pensée | 425 | 1 | 2026-03-09 | p. 111-121 | 0031-4773
856 4 1 _uhttps://shs.cairn.info/revue-la-pensee-2026-1-page-111?lang=fr&redirect-ssocas=7080
999 _c2079185
_d2079185